Visualizzazione normale
Vista MARC
- Capitolo Generale Speciale
di Personal Name
Records bibliografici associati: 1
001 - CONTROL NUMBER
- control field: 477
003 - CONTROL NUMBER IDENTIFIER
- control field: IT-RoPau
005 - DATE AND TIME OF LATEST TRANSACTION
- control field: 20130321102821.0
008 - FIXED-LENGTH DATA ELEMENTS
- fixed length control field: 130321|| aca||aabn | a|a d
040 ## - CATALOGING SOURCE
- Original cataloging agency: IT-RoPau
- Transcribing agency: IT-RoPau
100 ## - HEADING--PERSONAL NAME
- Personal name: Capitolo Generale Speciale
670 ## - SOURCE DATA FOUND
- Source citation: Work cat.: (IT-RoPau): Capitolo Generale Speciale, Costituzioni e Direttorio della SSP, 1975